| 000 -LEADER |
| fixed length control field |
00814nam a22002177a 4500 |
| 005 - DATE AND TIME OF LATEST TRANSACTION |
| control field |
20240501130253.0 |
| 008 - FIXED-LENGTH DATA ELEMENTS--GENERAL INFORMATION |
| fixed length control field |
240501s2007 enk||||| |||| 00| 0 eng d |
| 020 ## - INTERNATIONAL STANDARD BOOK NUMBER |
| International Standard Book Number |
9780198568377x |
| 041 ## - LANGUAGE CODE |
| Language code of text/sound track or separate title |
eng |
| 080 ## - UNIVERSAL DECIMAL CLASSIFICATION NUMBER |
| Universal Decimal Classification number |
616 O-97 |
| 245 ## - TITLE STATEMENT |
| Title |
Oxford Handbook of Clinical Medicine / |
| Statement of responsibility, etc. |
Murray Longmore, Ian Wilkinson, Tom Turmezei, Chee Kay Cheung. |
| 264 ## - PRODUCTION, PUBLICATION, DISTRIBUTION, MANUFACTURE, AND COPYRIGHT NOTICE |
| Place of production, publication, distribution, manufacture |
Oxford : |
| Name of producer, publisher, distributor, manufacturer |
Oxford University Press, |
| Date of production, publication, distribution, manufacture, or copyright notice |
2007. |
| 300 ## - PHYSICAL DESCRIPTION |
| Extent |
850 p.: |
| Other physical details |
ill.; |
| Dimensions |
19 cm. |
| 653 ## - INDEX TERM--UNCONTROLLED |
| keyword |
ლინიკური მედიცინა |
| 653 ## - INDEX TERM--UNCONTROLLED |
| keyword |
ქირურგია |
| 700 ## - ADDED ENTRY--PERSONAL NAME |
| Personal name |
Longmore, Murray |
| Relator term |
ავტორი |
| 9 (RLIN) |
22019 |
| 700 ## - ADDED ENTRY--PERSONAL NAME |
| Personal name |
Wilkinson, Ian |
| Relator term |
ავტორი |
| 9 (RLIN) |
22020 |
| 700 ## - ADDED ENTRY--PERSONAL NAME |
| Personal name |
Turmezei, Tom |
| Relator term |
ავტორი |
| 9 (RLIN) |
22021 |
| 700 ## - ADDED ENTRY--PERSONAL NAME |
| Personal name |
Cheung, Chee Kay |
| Relator term |
ავტორი |
| 9 (RLIN) |
22022 |
| 942 ## - ADDED ENTRY ELEMENTS (KOHA) |
| Source of classification or shelving scheme |
|
| Koha item type |
წიგნი |